000 00278nam a2200121Ia 4500
008 190216s9999||||xx |||||||||||||| ||und||
100 _aJoshin
245 0 _aHindi- Vayu K Adbuth Prayog
260 _bAsiant Publications
_c2010
300 _a142
650 _aHindi
942 _cBK
999 _c16837
_d16837